000 00864nam a2200253Ia 4500
003 OSt
005 20221005113007.0
006 a|||||r|||| 00| 0
007 ta
008 221004b |||||||| |||| 00| 0 pan d
020 _a8171164137 (hbk)
_c395
024 _a13973
037 _b879, 18/08/2014, H.K. Prakashan
_cTextual
040 _aCRL
_cCRL
_bpan
041 _2pan
_apan
082 _aO153,1N371x, P5
100 _aਰਵਿੰਦਰ ਰਵੀ
245 0 _aਵਣ ਵਾਣੀ
_b ਸਮੁੱਚੀ ਕਵਿਤਾ 1967 - 1974
260 _aਦਿੱਲੀ
_bਨੈFਨਲ ਬੁਕ Fਾਪ ਭਾਰਤ
_c2005
300 _a452ਪੰ
_ccm.
650 _aਪੰਜਾਬੀ ਸਾਹਿਤ
942 _hO153,1N371x, P5
_cTEXL
_2cc
999 _c1026673
_d1026673